El régimen de las gracias al sacar en Venezuela durante el periodo hispánico

Uloženo v:
Podrobná bibliografie
Hlavní autor: Rodulfo Cortés, Santos (Autor)
Médium: Kniha
Jazyk:španělština
Vydáno: Caracas Fuentes para la Historia Colonial de Venezuela 1978
Edice:Biblioteca de la Academia Nacional de la Historia, 135
Témata:
Tagy: Přidat tag
Žádné tagy, Buďte první, kdo vytvoří štítek k tomuto záznamu!

MARC

LEADER 00000nam a2200000 a 4500
001 UCR0541
003 CL-VaPUC
008 971205e19780000VE |||||||||||||||||spa|d
082 0 4 |a 987.03  |b ROD  |2 21 
100 0 |a Rodulfo Cortés, Santos  |e author  |9 396340 
245 1 3 |a El régimen de las gracias al sacar en Venezuela durante el periodo hispánico 
300 |a 2 v 
942 |c BK 
945 |d 19971205 00:00:00  |a cmena 
260 |a Caracas  |b Fuentes para la Historia Colonial de Venezuela  |c 1978 
500 |a v.2: Documentos anexos 
650 0 |a Historia venezolana  |9 393448 
650 0 |a Historiografía   |9 257871 
650 0 |a Derecho Indiano  |9 256266 
650 7 |a CEDULARIO INDIANO  |2 CL-VaPUC  |9 396341 
650 0 |a Sociología   |9 255410 
650 0 |a Hacienda pública  |9 258673 
650 0 |a Administración pública   |9 255343 
650 0 |a Educación  |9 258661 
650 0 |a Iglesia y Estado  |9 254995 
651 0 |a Venezuela  |9 254993 
583 |a last modification  |c 19971205 00:00:00  |k Rodrigo Vera 
490 0 |a Biblioteca de la Academia Nacional de la Historia, 135 
999 |c 264043  |d 264041 
952 |0 0  |1 0  |4 0  |6 987_030000000000000_ROD_1978  |7 0  |8 DER_HDC  |9 293626  |a BIBDER  |b BIBDER  |d 2019-11-19  |h v.1  |i 1908561  |o 987.03 ROD 1978  |p 1908561  |r 2023-01-25  |w 2019-11-19  |x Ubicación 4to Piso  |y BK  |z Estos recursos deben solicitarse con anticipación  |k DER 
952 |0 0  |1 0  |4 0  |6 987_030000000000000_ROD_1978  |7 0  |8 DER_HDC  |9 293627  |a BIBDER  |b BIBDER  |d 2019-11-19  |h v.2  |i 190857K  |o 987.03 ROD 1978  |p 190857K  |r 2023-01-25  |w 2019-11-19  |x Ubicación 4to Piso  |y BK  |z Estos recursos deben solicitarse con anticipación  |k DER